Exaktné overovanie Reformácie

Bibliographic Details
Main Author: Petrík, Borislav, 1952-2017 (Author)
Format: Article
Language:Slovak
ISSN:0139-9217
Subjects:

MARC

LEADER 00000nab a2200000 a 4500
001 vtls008839423
003 SK-MaSNL
005 20260304212051.0
008 250505c2006 xo mr|p|||||||000 b|slo
015 |a SNBRB2006/08  |2 snkbucl 
035 |a (uuid)a58247f3-3cb3-4f54-8d7f-35228b43cd0d 
035 |a urn:nbn:sk:snk-abesnf 
035 |a (urnnbn)urn:nbn:sk:snk:ar-a08vbv 
038 |a SNKBUCL 
040 |a SNKBUCL  |b slo  |c SNKBUCL  |e AACR2 
041 0 |a slo 
044 |a xo  |c SK 
080 |a 284.1/.2  |2 1997 
100 1 |a Petrík, Borislav,  |d 1952-2017  |4 aut  |9 239888 
245 1 0 |a Exaktné overovanie Reformácie  |c Borislav Petrík 
650 0 7 |a reformácia  |2 snkbucl  |9 247352 
773 0 |t Cirkevné listy  |g Roč. CXXX, č. 1-2 (2006), s. 41-43  |x 0139-9217 
850 |a Slovenská národná knižnica 
852 |a Slovenská národná knižnica 
954 |a odborná, vedecká literatúra pôvodná (slovenská)  |2 lita 
958 |a article2022 
958 |a OND 
958 |a EUIPO 
999 |c 3129813  |d 3131743